[Event "FRA T I 120102011"]
[Site "FRA"]
[Date "2010.12.11"]
[Round "4.2"]
[White "Favarel, Julien"]
[Black "Inkiov, Ventzislav"]
[Result "0-1"]
[WhiteElo "2299"]
[BlackElo "2477"]
[PlyCount "57"]
[EventDate "2010.10.17"]
[EventType "team-match"]
[EventRounds "9"]
[EventCountry "FRA"]
[Source "FFE"]
[SourceDate "2010.10.29"]
[BlackTeamCountry "FRA"]

1. Nf3 d5 2. g3 c5 3. Bg2 Nc6 4. O-O e5 5. d3 Nf6 6. Na3 Be7 7. e4 O-O 8. c3
Be6 9. exd5 Nxd5 10. Re1 Qc7 11. Nc2 Rad8 12. Qe2 f6 13. d4 cxd4 14. Ncxd4 Nxd4
15. Nxd4 Bc8 16. Nb5 Qb6 17. c4 Nb4 18. Nc3 Bc5 19. Na4 Qa5 20. Nxc5 Qxc5 21.
Be3 Qc7 22. a3 Nc6 23. Rad1 Be6 24. Bd5 Kf7 25. Bxe6+ Kxe6 26. b4 e4 27. Bc5
Rxd1 28. Qxd1 Re8 29. Bd6 {suite illisible} 0-1

[Event "FRA T I 120102011"]
[Site "FRA"]
[Date "2010.11.14"]
[Round "3.1"]
[White "Lagarde, Maxime"]
[Black "Le Corre, Benjamin"]
[Result "1-0"]
[WhiteElo "2419"]
[BlackElo "2307"]
[PlyCount "56"]
[EventDate "2010.10.17"]
[EventType "team-match"]
[EventRounds "9"]
[EventCountry "FRA"]
[Source "FFE"]
[SourceDate "2010.10.29"]
[BlackTeamCountry "FRA"]

1. e4 c5 2. Nf3 Nc6 3. d4 cxd4 4. Nxd4 Nf6 5. Nc3 e5 6. Ndb5 d6 7. Bg5 a6 8.
Na3 b5 9. Bxf6 gxf6 10. Nd5 f5 11. c3 Bg7 12. Bd3 Be6 13. Nxb5 axb5 14. Bxb5
Bd7 15. exf5 Rc8 16. Qf3 f6 17. Qh5+ Kf8 18. O-O Ne7 19. Bxd7 Qxd7 20. Ne3 Qe8
21. Qf3 Qc6 22. Qh5 Qe8 23. Qe2 h5 24. Rfd1 Rc6 25. a4 Bh6 26. Nd5 Nxd5 27.
Rxd5 Qf7 28. Qf3 Kg7 {suite illisible} 1-0

[Event "FRA T I 120102011"]
[Site "FRA"]
[Date "2010.11.14"]
[Round "3.4"]
[White "Demanghon, Jonathan"]
[Black "Marciniak, Alexandre"]
[Result "1-0"]
[WhiteElo "2181"]
[BlackElo "2170"]
[PlyCount "53"]
[EventDate "2010.10.17"]
[EventType "team-match"]
[EventRounds "9"]
[EventCountry "FRA"]
[Source "FFE"]
[SourceDate "2010.10.29"]
[BlackTeamCountry "FRA"]

1. d4 e6 2. c4 Nf6 3. g3 Bb4+ 4. Bd2 Qe7 5. Nc3 Nc6 6. Nf3 O-O 7. Bg2 Bxc3 8.
Bxc3 Ne4 9. Rc1 d6 10. d5 Nxc3 11. Rxc3 Nb8 12. dxe6 fxe6 13. Nd4 c6 14. O-O e5
15. Nc2 Be6 16. Ne3 Na6 17. Qd2 Rad8 18. Ra3 Qc7 19. b4 Qb6 20. Rb3 Rf7 21. a3
Rfd7 22. Rd3 Nc7 23. Qc3 Ne8 24. c5 Qa6 25. Rfd1 Bf7 26. Bh3 e4 27. Rd4 1-0

[Event "FRA T I 120102011"]
[Site "FRA"]
[Date "2010.11.14"]
[Round "3.8"]
[White "Duval, Florence"]
[Black "Bonvalot, Isabelle"]
[Result "1-0"]
[WhiteElo "1475"]
[BlackElo "1909"]
[PlyCount "52"]
[EventDate "2010.10.17"]
[EventType "team-match"]
[EventRounds "9"]
[EventCountry "FRA"]
[Source "FFE"]
[SourceDate "2010.10.29"]
[BlackTeamCountry "FRA"]

1. d4 f5 2. c4 Nf6 3. Nc3 g6 4. Nf3 Bg7 5. Bg5 h6 6. Bxf6 Bxf6 7. e3 e6 8. Be2
b6 9. O-O Bb7 10. Qc2 Nc6 11. a3 Qe7 12. Rad1 O-O-O 13. b4 d6 14. b5 Nb8 15. a4
Nd7 16. a5 c5 17. bxc6 Bxc6 18. axb6 axb6 19. Nb5 e5 20. Na7+ Kc7 21. Nxc6 Kxc6
22. Qa4+ Kb7 23. d5 Ra8 24. Qc6+ Kb8 25. Ra1 Ra5 26. Rxa5 bxa5 1-0

[Event "FRA T I 120102011"]
[Site "FRA"]
[Date "2010.11.13"]
[Round "2.5"]
[White "Saada, Julien"]
[Black "Beudaert, Xavier"]
[Result "0-1"]
[WhiteElo "2300"]
[BlackElo "2333"]
[PlyCount "52"]
[EventDate "2010.10.17"]
[EventType "team-match"]
[EventRounds "9"]
[EventCountry "FRA"]
[Source "FFE"]
[SourceDate "2010.10.29"]
[BlackTeamCountry "FRA"]

1. d4 Nf6 2. Bg5 c5 3. d5 Qb6 4. Nc3 Qxb2 5. Bd2 Qb6 6. e4 e5 7. f4 d6 8. f5
Qd8 9. g4 Be7 10. g5 Nfd7 11. Nf3 h6 12. Rg1 hxg5 13. Bxg5 Bxg5 14. Rxg5 Qf6
15. Qd2 Nf8 16. a4 g6 17. Rb1 Na6 18. Bb5+ Ke7 19. Bxa6 bxa6 20. Rg3 gxf5 21.
exf5 Qxf5 22. Rg2 Qxf3 23. Rf2 Qg4 24. Rb3 Ng6 25. Ne2 Bd7 26. Rg3 Qb4 0-1

[Event "FRA T I 120102011"]
[Site "FRA"]
[Date "2010.11.13"]
[Round "2.3"]
[White "Amoyal, Pierre"]
[Black "Fantinel, Thibault"]
[Result "1/2-1/2"]
[WhiteElo "2170"]
[BlackElo "2220"]
[PlyCount "49"]
[EventDate "2010.10.17"]
[EventType "team-match"]
[EventRounds "9"]
[EventCountry "FRA"]
[Source "FFE"]
[SourceDate "2010.10.29"]
[WhiteTeam "Deauville"]
[BlackTeamCountry "FRA"]

1. d4 Nf6 2. c4 e6 3. Nf3 Bb4+ 4. Bd2 Qe7 5. g3 Nc6 6. Nc3 Bxc3 7. Bxc3 Ne4 8.
Rc1 d6 9. Bg2 O-O 10. O-O Nxc3 11. Rxc3 e5 12. d5 Nb8 13. b4 a5 14. a3 axb4 15.
axb4 Na6 16. Ra3 Rb8 17. Qd2 c5 18. b5 Nb4 19. Ra7 Bg4 20. Rfa1 Bxf3 21. Bxf3
f5 22. e4 Qf6 23. R1a3 g6 24. Bg2 Kh8 25. Rf3 1/2-1/2

[Event "FRA T I 120102011"]
[Site "FRA"]
[Date "2010.12.11"]
[Round "4.5"]
[White "Daurelle, Herve"]
[Black "Bernard, Vincent"]
[Result "0-1"]
[WhiteElo "2297"]
[BlackElo "2197"]
[PlyCount "47"]
[EventDate "2010.10.17"]
[EventType "team-match"]
[EventRounds "9"]
[EventCountry "FRA"]
[Source "FFE"]
[SourceDate "2010.10.29"]
[BlackTeamCountry "FRA"]

1. e4 c5 2. Nf3 Nc6 3. d4 cxd4 4. Nxd4 g6 5. Nc3 Bg7 6. Be3 Nf6 7. Bc4 Qa5 8.
O-O O-O 9. Nb3 Qc7 10. Be2 d6 11. f4 a5 12. a4 Be6 13. f5 Bxb3 14. cxb3 Nb4 15.
Rc1 Qd8 16. Qe1 d5 17. e5 Nd7 18. fxg6 hxg6 19. e6 fxe6 20. Qh4 e5 21. Bh6
Rxf1+ 22. Rxf1 Bxh6 23. Qxh6 Qb6+ 24. Kh1 {suite illisible} 0-1

[Event "FRA T I 120102011"]
[Site "FRA"]
[Date "2010.11.14"]
[Round "3.2"]
[White "Colin, Vincent"]
[Black "Plachetka, Jan"]
[Result "1-0"]
[WhiteElo "2444"]
[BlackElo "2350"]
[PlyCount "45"]
[EventDate "2010.10.17"]
[EventType "team-match"]
[EventRounds "9"]
[EventCountry "FRA"]
[Source "FFE"]
[SourceDate "2010.10.29"]
[WhiteTeam "Nantes"]
[BlackTeam "Issy-Les-Moulineaux"]
[WhiteTeamCountry "FRA"]
[BlackTeamCountry "FRA"]

1. e4 d6 2. d4 Nf6 3. Nc3 e5 4. Nf3 Nbd7 5. g4 Nxg4 6. Rg1 exd4 7. Qxd4 Nde5 8.
Nxe5 dxe5 9. Qxd8+ Kxd8 10. h3 Nf6 11. f4 exf4 12. Bxf4 Be6 13. O-O-O+ Kc8 14.
Nb5 Bc5 15. Rg5 Bb6 16. Nxc7 Bxc7 17. Rc5 Ne8 18. Bb5 a5 19. Bxe8 Rxe8 20.
Rxc7+ Kb8 21. Re7+ Ka7 22. Be3+ Ka6 23. Rd6+ 1-0

[Event "FRA T I 120102011"]
[Site "FRA"]
[Date "2010.11.14"]
[Round "3.3"]
[White "Bellaiche, Antony"]
[Black "Picard, Romain"]
[Result "1-0"]
[WhiteElo "2462"]
[BlackElo "2366"]
[PlyCount "45"]
[EventDate "2010.10.17"]
[EventType "team-match"]
[EventRounds "9"]
[EventCountry "FRA"]
[Source "FFE"]
[SourceDate "2010.10.29"]
[WhiteTeam "Deauville"]
[BlackTeamCountry "FRA"]

1. d4 e6 2. c4 b6 3. Nc3 Bb7 4. a3 Nf6 5. Nf3 d5 6. cxd5 Nxd5 7. Qc2 Nxc3 8.
bxc3 Be7 9. e4 O-O 10. Bd3 c5 11. O-O Nd7 12. Qe2 Qc7 13. Bb2 Rfc8 14. Rad1 a6
15. Bb1 cxd4 16. cxd4 Qc4 17. Bd3 Qb3 18. d5 exd5 19. Nd4 Qa4 20. Nf5 Bf6 21.
Bxf6 Nxf6 22. e5 Ne4 23. Bxe4 1-0

[Event "FRA T I 120102011"]
[Site "FRA"]
[Date "2010.12.11"]
[Round "4.6"]
[White "Emmenecker, Philippe"]
[Black "Geenen, Marc"]
[Result "1/2-1/2"]
[WhiteElo "2193"]
[BlackElo "2300"]
[PlyCount "45"]
[EventDate "2010.10.17"]
[EventType "team-match"]
[EventRounds "9"]
[EventCountry "FRA"]
[Source "FFE"]
[SourceDate "2010.10.29"]
[BlackTeamCountry "FRA"]

1. d4 Nf6 2. c4 g6 3. Nc3 Bg7 4. e4 d6 5. f4 O-O 6. Nf3 Na6 7. e5 Nd7 8. h4
dxe5 9. dxe5 Ndc5 10. Be3 Bf5 11. Nd4 Qd7 12. Nxf5 Qxf5 13. g4 Qe6 14. b4 Rad8
15. Qb1 Nd7 16. Kf2 Nxe5 17. fxe5 Qxe5 18. b5 Nb8 19. Nd5 Qxa1 20. Qxa1 Bxa1
21. Bg2 Be5 22. Nxe7+ Kg7 23. Bxa7 {suite illisible} 1/2-1/2

[Event "FRA T I 120102011"]
[Site "FRA"]
[Date "2010.11.14"]
[Round "3.8"]
[White "Chouzenoux, Emilie"]
[Black "Mamah, Isabelle"]
[Result "0-1"]
[WhiteElo "1499"]
[BlackElo "1838"]
[PlyCount "46"]
[EventDate "2010.10.17"]
[EventType "team-match"]
[EventRounds "9"]
[EventCountry "FRA"]
[Source "FFE"]
[SourceDate "2010.10.29"]
[BlackTeamCountry "FRA"]

1. d4 Nf6 2. Nc3 g6 3. g3 Bg7 4. f3 d5 5. Na4 O-O 6. Bd2 b6 7. e3 Qd7 8. b3 Nc6
9. c3 e5 10. Ne2 Ba6 11. Ng1 Bxf1 12. Kxf1 exd4 13. cxd4 Rfe8 14. f4 Ng4 15. a3
Nxe3+ 16. Bxe3 Rxe3 17. Kg2 Nxd4 18. Rb1 Rae8 19. h4 Nf5 20. Kh2 Nxg3 21. Nh3
Nxh1 22. Kg1 Qxh3 23. Rc1 Rg3# 0-1

[Event "FRA T I 120102011"]
[Site "FRA"]
[Date "2010.11.14"]
[Round "3.6"]
[White "Delorme, Alban"]
[Black "Bernard, Vincent"]
[Result "0-1"]
[WhiteElo "2296"]
[BlackElo "2197"]
[PlyCount "43"]
[EventDate "2010.10.17"]
[EventType "team-match"]
[EventRounds "9"]
[EventCountry "FRA"]
[Source "FFE"]
[SourceDate "2010.10.29"]
[BlackTeamCountry "FRA"]

1. e4 c6 2. d4 d5 3. Nc3 dxe4 4. Nxe4 Bf5 5. Ng3 Bg6 6. f4 e6 7. Nf3 Nd7 8. Bd3
Ngf6 9. O-O Be7 10. Kh1 O-O 11. f5 exf5 12. Nxf5 Bxf5 13. Bxf5 Re8 14. c3 Qc7
15. Ng5 Bd6 16. Qf3 Nf8 17. g3 Re7 18. Nh3 N6d7 19. Bd3 Rae8 20. Bd2 Ne6 21.
Rae1 Nef8 22. Nf2 {suite illisible} 0-1

[Event "FRA T I 120102011"]
[Site "FRA"]
[Date "2010.11.13"]
[Round "2.7"]
[White "Salles, Louis"]
[Black "Azadharf, Farrokh"]
[Result "1-0"]
[WhiteElo "1871"]
[BlackElo "2230"]
[PlyCount "39"]
[EventDate "2010.10.17"]
[EventType "team-match"]
[EventRounds "9"]
[EventCountry "FRA"]
[Source "FFE"]
[SourceDate "2010.10.29"]
[BlackTeamCountry "FRA"]

1. e4 c5 2. Nf3 d6 3. d4 cxd4 4. Nxd4 Nf6 5. Nc3 a6 6. Bg5 e6 7. f4 Nbd7 8. Qf3
Qc7 9. O-O-O Be7 10. g4 h6 11. Bxf6 Nxf6 12. h4 Nd7 13. g5 Nf8 14. Bh3 Bd7 15.
Kb1 O-O-O 16. Nf5 Ng6 17. h5 exf5 18. hxg6 fxe4 19. Qxe4 Bf8 20. Nd5 1-0

[Event "FRA T I 120102011"]
[Site "FRA"]
[Date "2010.11.14"]
[Round "3.5"]
[White "Marciniak, Gerard"]
[Black "Bleuzen, Erwan"]
[Result "1-0"]
[WhiteElo "2114"]
[BlackElo "2040"]
[PlyCount "39"]
[EventDate "2010.10.17"]
[EventType "team-match"]
[EventRounds "9"]
[EventCountry "FRA"]
[Source "FFE"]
[SourceDate "2010.10.29"]
[BlackTeamCountry "FRA"]

1. d4 Nf6 2. c4 g6 3. Nc3 Bg7 4. e4 d6 5. f3 O-O 6. Bg5 c5 7. d5 h6 8. Be3 Qa5
9. Qd2 Kh7 10. Nge2 a6 11. Nc1 Nbd7 12. Be2 Ne5 13. a3 b5 14. cxb5 c4 15. b4
cxb3 16. Nxb3 Qc7 17. b6 Qd8 18. Na5 Bd7 19. O-O Rb8 20. Rab1 1-0

[Event "FRA T I 120102011"]
[Site "FRA"]
[Date "2010.11.13"]
[Round "2.8"]
[White "Chauvet, Adele"]
[Black "Chouzenoux, Emilie"]
[Result "1-0"]
[WhiteElo "1530"]
[BlackElo "1499"]
[PlyCount "35"]
[EventDate "2010.10.17"]
[EventType "team-match"]
[EventRounds "9"]
[EventCountry "FRA"]
[Source "FFE"]
[SourceDate "2010.10.29"]
[BlackTeamCountry "FRA"]

1. e4 b5 2. Bxb5 Nh6 3. Nc3 e6 4. d3 g6 5. Qf3 Bc5 6. Bxh6 c6 7. Bc4 a5 8. Nh3
d6 9. O-O Nd7 10. Na4 Bb4 11. a3 Bc5 12. Nxc5 Nxc5 13. d4 Nxe4 14. Qxe4 Bb7 15.
Ba2 Ra7 16. Rfe1 Ra6 17. Ng5 f6 18. Qxe6+ 1-0

[Event "FRA T I 120102011"]
[Site "FRA"]
[Date "2010.11.13"]
[Round "2.8"]
[White "Dacalor, Aurelie"]
[Black "Brun, Francoise"]
[Result "1-0"]
[WhiteElo "1929"]
[BlackElo "1499"]
[PlyCount "33"]
[EventDate "2010.10.17"]
[EventType "team-match"]
[EventRounds "9"]
[EventCountry "FRA"]
[Source "FFE"]
[SourceDate "2010.10.29"]
[BlackTeamCountry "FRA"]

1. d4 d5 2. c4 dxc4 3. Nc3 Nf6 4. e4 e6 5. Bxc4 Bb4 6. Qd3 Nc6 7. Nge2 h6 8.
O-O Bxc3 9. bxc3 O-O 10. e5 Nd7 11. Qg3 Kh8 12. Nf4 Ne7 13. Bxe6 Kh7 14. Nh5
Ng6 15. Bf5 Nb6 16. Be4 Qh4 17. Qxh4 1-0

[Event "FRA T I 120102011"]
[Site "FRA"]
[Date "2010.11.13"]
[Round "2.1"]
[White "Velikov, Petar"]
[Black "Mullon, Jean Baptiste"]
[Result "1/2-1/2"]
[WhiteElo "2417"]
[BlackElo "2422"]
[PlyCount "34"]
[EventDate "2010.10.17"]
[EventType "team-match"]
[EventRounds "9"]
[EventCountry "FRA"]
[Source "FFE"]
[SourceDate "2010.10.29"]
[BlackTeamCountry "FRA"]

1. Nf3 d5 2. g3 Nf6 3. Bg2 c6 4. O-O Bf5 5. d3 e6 6. c4 dxc4 7. dxc4 Qxd1 8.
Rxd1 Nbd7 9. Nc3 h6 10. h3 Bc2 11. Re1 Bh7 12. Be3 Bc5 13. Bxc5 Nxc5 14. Red1
a5 15. Ne5 O-O 16. b3 Rfd8 17. Kf1 Kf8 1/2-1/2

[Event "FRA T I 120102011"]
[Site "FRA"]
[Date "2010.12.11"]
[Round "4.1"]
[White "Laurent, Bruno"]
[Black "Todorov, Todor"]
[Result "1/2-1/2"]
[WhiteElo "2338"]
[BlackElo "2490"]
[PlyCount "183"]
[EventDate "2010.10.17"]
[EventType "team-match"]
[EventRounds "9"]
[EventCountry "FRA"]
[Source "FFE"]
[SourceDate "2010.10.29"]
[BlackTeamCountry "FRA"]

1. e4 Nf6 2. e5 Nd5 3. d4 d6 4. Nf3 Nb6 5. exd6 exd6 6. Bd3 Bg4 7. O-O Be7 8.
Re1 Nc6 9. c3 Qd7 10. a4 a6 11. Nbd2 Bh5 12. Ne4 O-O 13. a5 Nc8 14. Qc2 Bg6 15.
h4 d5 16. Ng3 Bd6 17. Ne5 Bxe5 18. dxe5 Re8 19. Bf4 Qg4 20. Bxg6 hxg6 21. Bg5
Rxe5 22. Rxe5 Nxe5 23. Qb3 Nd6 24. Qxd5 Re8 25. b3 Nc6 26. Ra4 Re1+ 27. Kh2 Qd1
28. Qxd1 Rxd1 29. Bf4 Rd3 30. Bxd6 cxd6 31. Ne4 d5 32. Nc5 Rxc3 33. Nxb7 d4 34.
Ra1 d3 35. Rd1 Rxb3 36. Nc5 Rb5 37. Nxd3 Rxa5 38. Rc1 Ne7 39. Rc7 Nf5 40. Ra7
Nxh4 41. Nb4 Ra4 42. Nxa6 Kh7 43. Ra8 Ra2 44. Kg1 Ra1+ 45. Kh2 Rf1 46. Nb8 g5
47. Ra2 Nf5 48. Nc6 f6 49. Rd2 g4 50. Nb4 g3+ 51. fxg3 Ne3 52. Rd4 f5 53. g4
Nxg4+ 54. Kg3 g5 55. Nd5 Ne5 56. Nf4 Re1 57. Kf2 Ra1 58. Nh3 Ng4+ 59. Ke2 Kg6
60. Rd8 Ra2+ 61. Rd2 Ra8 62. Ng1 Re8+ 63. Kf1 Nh2+ 64. Kf2 Ng4+ 65. Kf1 Ne3+
66. Kf2 f4 67. Re2 Ng4+ 68. Kf3 Ne5+ 69. Ke4 Kf6 70. Ra2 Nc6+ 71. Kf3 Kf5 72.
Ne2 Ne5+ 73. Kf2 Nd3+ 74. Kg1 g4 75. Kf1 Rb8 76. Ra1 Ke4 77. Nc3+ Kd4 78. Nd1
g3 79. Ke2 Ne5 80. Ra4+ Nc4 81. Kf3 Rb1 82. Kxf4 Rxd1 83. Kxg3 Kd5 84. Ra8 Ke4
85. Ra4 Rc1 86. Kg4 Ke5 87. Kg5 Nd6 88. Ra5+ Ke6 89. g4 Rc8 90. Ra6 Rg8+ 91.
Kf4 Rg6 92. g5 1/2-1/2

[Event "FRA T I 120102011"]
[Site "FRA"]
[Date "2010.12.11"]
[Round "4.3"]
[White "Andrieux, Pascal"]
[Black "Karr, Jean Philippe"]
[Result "1/2-1/2"]
[WhiteElo "2258"]
[BlackElo "2389"]
[PlyCount "153"]
[EventDate "2010.10.17"]
[EventType "team-match"]
[EventRounds "9"]
[EventCountry "FRA"]
[Source "FFE"]
[SourceDate "2010.10.29"]
[BlackTeamCountry "FRA"]

1. e4 c5 2. Nc3 Nc6 3. g3 g6 4. Bg2 Bg7 5. Nge2 d6 6. d3 Nf6 7. O-O O-O 8. h3
Rb8 9. a4 a6 10. Be3 Bd7 11. Qd2 b5 12. axb5 axb5 13. Bh6 Ne8 14. Bxg7 Nxg7 15.
d4 cxd4 16. Nxd4 Nxd4 17. Qxd4 Ne6 18. Qe3 Rc8 19. Rfd1 b4 20. Nd5 Rxc2 21. Ra7
Nc7 22. Nxb4 Rxb2 23. Qc3 Nb5 24. Qxb2 Nxa7 25. e5 Nc8 26. exd6 Nxd6 27. Nd5
Be6 28. Nf4 Qd7 29. Qe5 Bb3 30. Rd3 Bc4 31. Re3 Nf5 32. Re1 f6 33. Qc5 Bf7 34.
g4 Qd2 35. Qc1 Qxc1 36. Rxc1 Nd4 37. Rc7 e5 38. Nd5 Kg7 39. Ne3 Ne2+ 40. Kh2
Nf4 41. Bf1 Kg8 42. Rc6 Be6 43. Ng2 Bd5 44. Bc4 Bxc4 45. Nxf4 Bf7 46. Ng2 Bd5
47. Rd6 Be4 48. Ne3 Rf7 49. Rd8+ Kg7 50. Kg3 Rc7 51. f3 Bb7 52. h4 Kf7 53. Rh8
Ke6 54. Re8+ Kf7 55. Rh8 Kg7 56. Re8 Bc6 57. Rd8 Kf7 58. Rd3 Ra7 59. Rc3 Ra6
60. f4 Ke6 61. fxe5 fxe5 62. g5 Rb6 63. Kf2 Bd7 64. Kg3 Bc6 65. Kf2 Bd7 66. Kg3
Bc6 67. Kf2 Be4 68. Rc4 Rb2+ 69. Kg3 Bh1 70. Rc1 Be4 71. Rc4 Bh1 72. Rc1 Rb3
73. Kf2 Rb2+ 74. Kg3 Rb3 75. Kf2 Rb2+ 76. Kg3 Rb3 77. Kf2 1/2-1/2

[Event "FRA T I 120102011"]
[Site "FRA"]
[Date "2010.11.14"]
[Round "3.8"]
[White "Accettone, Gregory"]
[Black "Lutz, Eric"]
[Result "0-1"]
[WhiteElo "1708"]
[BlackElo "2222"]
[PlyCount "148"]
[EventDate "2010.10.17"]
[EventType "team-match"]
[EventRounds "9"]
[EventCountry "FRA"]
[Source "FFE"]
[SourceDate "2010.10.29"]
[BlackTeamCountry "FRA"]

1. e4 c5 2. Nc3 Nc6 3. f4 e6 4. Nf3 d5 5. Bb5 d4 6. Bxc6+ bxc6 7. Ne2 f5 8.
exf5 exf5 9. Ne5 Qd5 10. O-O Nf6 11. c4 dxc3 12. bxc3 Ba6 13. d3 c4 14. d4 Bd6
15. Ng3 g6 16. Qa4 Bb5 17. Qa5 Be7 18. Qc7 Qd6 19. Qxd6 Bxd6 20. a4 Ba6 21.
Nxc6 Nd5 22. Ne2 O-O 23. Re1 Rfc8 24. Ne5 Rab8 25. Ba3 Bxa3 26. Rxa3 Rb3 27.
Rea1 Rcb8 28. Nc6 Rxa3 29. Rxa3 Rb3 30. Ra1 Nxc3 31. Nxc3 Rxc3 32. Nxa7 Rd3 33.
Nc6 Bb7 34. d5 Kf8 35. Rc1 c3 36. Ne5 Rxd5 37. Rxc3 Rd1+ 38. Kf2 Rd2+ 39. Ke3
Ra2 40. Rc7 Bxg2 41. Rxh7 Rxa4 42. Nxg6+ Kg8 43. Re7 Bh3 44. Nh4 Bg4 45. Re5
Ra3+ 46. Kd4 Ra4+ 47. Kd5 Rxf4 48. Ke6 Kg7 49. Ng2 Rf2 50. Ne3 Bh3 51. Kd5 Rd2+
52. Kc4 Kf6 53. Re8 Rxh2 54. Kd3 Kg5 55. Rf8 Ra2 56. Rg8+ Kf4 57. Nd5+ Kf3 58.
Rf8 Re2 59. Rh8 Bg4 60. Rf8 Re1 61. Kc3 Rd1 62. Nf6 Rd6 63. Nxg4 Kxg4 64. Kc2
f4 65. Re8 f3 66. Rg8+ Kh3 67. Rf8 Kg2 68. Rg8+ Kf1 69. Rh8 f2 70. Rf8 Rh6 71.
Re8 Kg2 72. Rg8+ Kh3 73. Rf8 Kg3 74. Rf7 Rh4 0-1

[Event "FRA T I 120102011"]
[Site "FRA"]
[Date "2010.11.13"]
[Round "2.7"]
[White "Degand, Alain"]
[Black "Maisuradze, Nino"]
[Result "0-1"]
[WhiteElo "1916"]
[BlackElo "2268"]
[PlyCount "144"]
[EventDate "2010.10.17"]
[EventType "team-match"]
[EventRounds "9"]
[EventCountry "FRA"]
[Source "FFE"]
[SourceDate "2010.10.29"]
[BlackTeamCountry "FRA"]

1. d4 d5 2. Nf3 Nf6 3. Bf4 e6 4. e3 b6 5. Bd3 Bb7 6. Nbd2 Nbd7 7. c3 Ne4 8. h3
Be7 9. O-O O-O 10. Qc2 f5 11. Ne5 Ndf6 12. f3 Nd6 13. Rae1 c5 14. Qb1 Nh5 15.
Bh2 Bh4 16. Re2 Bg3 17. Rc1 Nf7 18. Nxf7 Rxf7 19. Nf1 Bxh2+ 20. Kxh2 Qd6+ 21.
f4 g5 22. g3 gxf4 23. exf4 cxd4 24. cxd4 Nxf4 25. gxf4 Qxf4+ 26. Ng3 Rg7 27.
Rg1 Qxd4 28. Bxf5 exf5 29. Qxf5 Rf8 30. Qe6+ Kh8 31. Reg2 Rfg8 32. Nh5 Rxg2+
33. Rxg2 Rxg2+ 34. Kxg2 Qd2+ 35. Kg3 Qg5+ 36. Qg4 Qxg4+ 37. hxg4 Kg8 38. Kf4
Kf7 39. Ng3 d4 40. Nf5 d3 41. Ne3 d2 42. Nd1 Kg6 43. Nf2 Bc8 44. Ke3 Bxg4 45.
Kxd2 h5 46. Ke3 Kf5 47. Ne4 h4 48. Nd2 h3 49. Nf1 Ke5 50. Nh2 Bh5 51. Nf1 Bf7
52. a3 Kd5 53. Kd3 Bg6+ 54. Kd2 Ke4 55. Ke2 Bh5+ 56. Kf2 Kd3 57. Kg3 Kc2 58.
Kxh3 Kxb2 59. Kg3 Kxa3 60. Kf2 Kb2 61. Ke3 Kc3 62. Ng3 Bg6 63. Ne2+ Kc4 64. Kd2
a5 65. Kc1 Bd3 66. Nf4 b5 67. Kb2 b4 68. Ng2 a4 69. Ne3+ Kd4 70. Nd1 a3+ 71.
Kc1 b3 72. Kd2 a2 0-1

[Event "FRA T I 120102011"]
[Site "FRA"]
[Date "2010.11.13"]
[Round "2.1"]
[White "Rausis, Igor"]
[Black "Moussard, Jules"]
[Result "1/2-1/2"]
[WhiteElo "2482"]
[BlackElo "2423"]
[PlyCount "141"]
[EventDate "2010.10.17"]
[EventType "team-match"]
[EventRounds "9"]
[EventCountry "FRA"]
[Source "FFE"]
[SourceDate "2010.10.29"]
[BlackTeamCountry "FRA"]

1. Nf3 c5 2. g3 g6 3. Bg2 Bg7 4. d4 cxd4 5. Nxd4 Nc6 6. Nxc6 bxc6 7. O-O Rb8 8.
Nd2 Nf6 9. c4 O-O 10. Qc2 d5 11. e4 d4 12. Nb3 e5 13. Nc5 Nd7 14. Nd3 c5 15. f4
Qc7 16. Bd2 exf4 17. gxf4 Bb7 18. Rae1 Qc6 19. Rf2 Rfe8 20. Rfe2 Qb6 21. e5
Bxg2 22. Rxg2 f6 23. Qa4 Qc7 24. Ba5 Nb6 25. Qd1 fxe5 26. fxe5 Bh6 27. b3 Be3+
28. Kh1 Rbd8 29. Qf3 Re6 30. Rf1 Rde8 31. h4 Qe7 32. Bxb6 axb6 33. Qg4 Kh8 34.
Rg3 h5 35. Qe4 Kh7 36. Rgf3 Kg8 37. Kg2 Bh6 38. Rg3 Kh7 39. a3 Qd7 40. Rgf3 Bg7
41. Nf4 Rf6 42. Nd3 Rxf3 43. Rxf3 Qe6 44. Rf2 Rf8 45. Rxf8 Bxf8 46. Ne1 Be7 47.
Nf3 Qg4+ 48. Qxg4 hxg4 49. Nh2 d3 50. Nxg4 d2 51. Ne3 Bxh4 52. Kf3 Bg5 53. Nd1
Kg7 54. Ke4 Kf7 55. b4 Ke6 56. bxc5 bxc5 57. Nc3 Bd8 58. Kd3 Ba5 59. Kxd2 Kxe5
60. Kd3 Bxc3 61. Kxc3 Kd6 62. Kd3 Kc6 63. Ke4 Kb6 64. Ke5 g5 65. Kf5 Ka5 66.
Kxg5 Ka4 67. Kf4 Kxa3 68. Ke3 Kb3 69. Kd3 Kb4 70. Kd2 Kxc4 71. Kc2 1/2-1/2

[Event "FRA T I 120102011"]
[Site "FRA"]
[Date "2010.11.13"]
[Round "2.1"]
[White "Gharamian, Tigran"]
[Black "Todorov, Todor"]
[Result "1/2-1/2"]
[WhiteElo "2650"]
[BlackElo "2490"]
[PlyCount "140"]
[EventDate "2010.10.17"]
[EventType "team-match"]
[EventRounds "9"]
[EventCountry "FRA"]
[Source "FFE"]
[SourceDate "2010.10.29"]
[WhiteTeam "Cappelle-La-Grande"]
[BlackTeam "Bois-Colombes"]
[BlackTeamCountry "FRA"]

1. e4 c5 2. Nf3 Nc6 3. d4 cxd4 4. Nxd4 e5 5. Nb5 d6 6. N1c3 a6 7. Na3 b5 8. Nd5
Nge7 9. c4 Nd4 10. cxb5 Nxd5 11. exd5 Qh4 12. Be3 Nf5 13. Qc1 Nxe3 14. Qxe3 Be7
15. Be2 O-O 16. O-O f5 17. bxa6 f4 18. Qf3 Bf5 19. Nb5 e4 20. Qh5 Qf6 21. Bg4
Bg6 22. Qh3 Rxa6 23. b3 e3 24. Be2 exf2+ 25. Kxf2 f3 26. Bc4 fxg2+ 27. Kxg2
Be4+ 28. Kg1 Qg6+ 29. Qg3 Rxf1+ 30. Bxf1 Bf6 31. Rc1 Bxd5 32. Rc8+ Kf7 33.
Qxg6+ Kxg6 34. Bd3+ Kg5 35. Nc7 Rc6 36. Ne6+ Kg4 37. Rxc6 Bxc6 38. Bxh7 Kf3 39.
Bd3 Ke3 40. Ba6 d5 41. a4 d4 42. Nc5 Be7 43. Nd3 Be4 44. Ne5 d3 45. Kf1 Kd4 46.
Bxd3 Bxd3+ 47. Nxd3 Kxd3 48. Kf2 Kc3 49. a5 Kb4 50. a6 Kb5 51. a7 Bc5+ 52. Kf3
Bxa7 53. h4 Kc6 54. Ke4 Kd7 55. h5 Ke6 56. h6 gxh6 57. Kf3 Kd5 58. b4 Kc4 59.
b5 Kxb5 60. Kg2 Kc4 61. Kh1 Kd4 62. Kg2 Ke4 63. Kh1 Kf4 64. Kg2 Kg4 65. Kh1 h5
66. Kg2 h4 67. Kh1 Bb6 68. Kg2 Ba7 69. Kh1 Bb6 70. Kg2 Ba7 1/2-1/2

[Event "FRA T I 120102011"]
[Site "FRA"]
[Date "2010.11.14"]
[Round "3.8"]
[White "Husson, Cybele"]
[Black "Tissot, Alice"]
[Result "1-0"]
[WhiteElo "1975"]
[BlackElo "1960"]
[PlyCount "131"]
[EventDate "2010.10.17"]
[EventType "team-match"]
[EventRounds "9"]
[EventCountry "FRA"]
[Source "FFE"]
[SourceDate "2010.10.29"]
[BlackTeamCountry "FRA"]

1. e4 c5 2. Nf3 Nc6 3. Bb5 Nd4 4. Bc4 d6 5. Nxd4 cxd4 6. c3 Nf6 7. Qe2 Qb6 8.
a4 a6 9. Na3 Bd7 10. Nc2 dxc3 11. dxc3 e6 12. a5 Qc7 13. Bf4 Rc8 14. Bd3 Be7
15. O-O O-O 16. Rfd1 e5 17. Be3 Bg4 18. f3 Be6 19. Bb6 Qd7 20. Ne3 Bd8 21. Bxd8
Rfxd8 22. Nc4 Qc6 23. Nb6 Rc7 24. Qe3 Qc5 25. Kf2 g6 26. Rd2 Bb3 27. Ra3 Be6
28. b4 Qxe3+ 29. Kxe3 Kf8 30. c4 Nh5 31. g3 Ng7 32. Rc2 f5 33. Rac3 fxe4 34.
Bxe4 Nf5+ 35. Bxf5 Bxf5 36. Rd2 Be6 37. Nd5 Rf7 38. Rf2 Rc8 39. Nb6 Re8 40. Rd3
Ke7 41. b5 Rd8 42. Rfd2 Bf5 43. Rc3 Be6 44. Nd5+ Ke8 45. b6 Bd7 46. f4 exf4+
47. Nxf4 Re7+ 48. Kd4 Bc6 49. Nd5 Rf7 50. Re2+ Kd7 51. Nb4 Rdf8 52. Rce3 Ba4
53. Nd5 Bd1 54. Re7+ Rxe7 55. Rxe7+ Kc8 56. Rc7+ Kb8 57. Rxh7 Bb3 58. Rd7 Kc8
59. Rxd6 g5 60. Rg6 Rh8 61. Rxg5 Rxh2 62. Rg7 Ra2 63. Rc7+ Kd8 64. Rxb7 Rxa5
65. Ra7 Kc8 66. Ne7+ 1-0